| 000 | 00359nam a22001337a 4500 | ||
|---|---|---|---|
| 020 | _a0-13-495581-1 | ||
| 082 | _a629.892 REH'I | ||
| 100 |
_aREHG, JAMES A _975802 |
||
| 245 | _aINTRODUCTION TO ROBOTICS,A SYSTEMS APPROACH | ||
| 260 |
_aNEWJERSCY _bPRENTICE HALL _c1985 |
||
| 300 | _a230P | ||
| 650 |
_aROBOTICS.INTRODUCTION TO ROBOTICS. _961208 |
||
| 942 | _cBK | ||
| 999 |
_c581210 _d581210 |
||